| 000 | 00640nam a22001577a 4500 | ||
|---|---|---|---|
| 999 |
_c59074 _d59074 |
||
| 003 | Ge_BSU | ||
| 005 | 20221117101248.0 | ||
| 008 | 221116s2009 ge ||||| |||| 00| 0 geo d | ||
| 041 | _ageo | ||
| 080 | _a341.231.14(4) ა-26 | ||
| 245 |
_aადამიანის უფლებათა ევროპული სასამართლოს განაჩენთა კრებული : _bწ. 6 |
||
| 264 |
_aთბილისი : _bევროპის საბჭო, _c2009. |
||
| 300 |
_a411 გვ. ; _b23 სმ. |
||
| 653 | _aადამიანის უფლებათა დაცვა | ||
| 942 |
_2udc _cBK |
||